Rozpoznaj stolicę po zdjęciu - Statystyki

Ogólne statystyki
  • Ten quiz został rozwiązany 29 razy
  • Średni wynik to 5 z 16
Statystyki odpowiedzi
Obrazkowy Odpowiedź % Poprawnych
Warszawa
95%
Paryż
86%
Ateny
67%
Kair
67%
Tokio
48%
Pjongjang
33%
Praga
33%
Astana
14%
Buenos Aires
14%
Nikozja
14%
Bagdad
10%
Canberra
10%
Doha
10%
Lima
10%
Wiedeń
10%
Manila
5%
Nie znaleziono quizów pasujących do podanych kryteriów
Rozkład punktacji
Procent ludzi z każdym wynikiem
Percentyl według liczby udzielonych odpowiedzi
Twoja historia wyników
Nie rozwiązałeś tego quizu